Central Library OPAC University of Rajshahi

Tafsīr Sūrat Yūsuf ʻalayhi al-salām /تفسير سورة يوسف عليه السلام / (Record no. 80997)

MARC details
000 -LEADER
fixed length control field 00869cam a2200229 a 4500
001 - CONTROL NUMBER
control field 80997
003 - CONTROL NUMBER IDENTIFIER
rucl marc code BD-RjUL
005 - DATE AND TIME OF LATEST TRANSACTION
control field 20221220130809.0
008 - FIXED-LENGTH DATA ELEMENTS--GENERAL INFORMATION
fixed length control field 221220s1983 ua b 000 0 ara
035 ## - SYSTEM CONTROL NUMBER
System control number (BD-RjUL)80997
040 ## - CATALOGING SOURCE
Original cataloging agency DLC-R
Transcribing agency DLC-R
Modifying agency DLC
Language of cataloging eng
041 ## - LANGUAGE CODE
Language code of text/sound track or separate title ara
100 1# - MAIN ENTRY--PERSONAL NAME
Personal name Oghli, Mahmoud Sami Ramadan اوغلي, محمود سامي رمضان
9 (RLIN) 6385
245 10 - TITLE STATEMENT
Title Tafsīr Sūrat Yūsuf ʻalayhi al-salām /تفسير سورة يوسف عليه السلام /
Statement of responsibility, etc. Mahmoud Sami Ramadan Oglu محمود سامي رمضان اوغلي
260 ## - PUBLICATION, DISTRIBUTION, ETC. (IMPRINT)
Place of publication, distribution, etc. Istambul :
Name of publisher, distributor, etc. دارالارقام ,
Date of publication, distribution, etc. 1983
300 ## - PHYSICAL DESCRIPTION
Pagination 125 p. ;
Size 18 cm.
490 1# - SERIES STATEMENT
Series statement al-Tafsīr al-wasīṭ lil-Qurʼān al-karīm
504 ## - BIBLIOGRAPHY, ETC. NOTE
Bibliography, etc Includes bibliographical references.
650 ## - SUBJECT ADDED ENTRY--TOPICAL TERM
Topical term or geographic name as entry element Tafsir
Form subdivision Quran
9 (RLIN) 6386
Topical term or geographic name as entry element سورة يوسف.
Form subdivision قرآن.
9 (RLIN) 6387
942 ## - ADDED ENTRY ELEMENTS (KOHA)
Source of classification or shelving scheme Dewey Decimal Classification
Koha item type Books
Holdings
Lost status Source of classification or shelving scheme Damaged status Not for loan Collection code Permanent Location Current Location Shelving location Date acquired Total Checkouts Full call number Date last seen Copy number Koha item type
  Dewey Decimal Classification   Not For Loan Non-fiction Central Library, University of Rajshahi Central Library, University of Rajshahi Reading Room 17/08/1993   A 297.1225 UGU 1983 20/12/2022 C-1 Books